[Event "TUR-chT 1st League"]
[Site "Konya"]
[Date "2019.07.23"]
[Round "3.10"]
[White "Stefanov, Emil"]
[Black "Percin, Onder"]
[Result "1-0"]
[WhiteElo "2380"]
[BlackElo "2049"]
[PlyCount "67"]
[EventDate "2019.07.22"]
[EventType "team-swiss"]
[EventRounds "9"]
[EventCountry "TUR"]
[SourceTitle "CBM 191 Extra"]
[Source "ChessBase"]
[SourceDate "2019.09.30"]
[SourceVersion "1"]
[SourceVersionDate "2019.09.30"]
[SourceQuality "1"]
[WhiteTeam "Salihli Sardes"]
[BlackTeam "Ankara DSI Genclik"]
[WhiteTeamCountry "TUR"]
[BlackTeamCountry "TUR"]

1. e4 e5 2. Nf3 Nc6 3. d4 exd4 4. Nxd4 d6 5. Nc3 Nf6 6. Be2 Bd7 7. Be3 Be7 8. Qd2 0-0 9. 0-0-0 Re8 10. f3 Nxd4 11. Bxd4 Bc6 12. g4 Nd7 13. Be3 Nb6 14. Kb1 Qd7 15. h4 Qe6 16. g5 Bf8 17. h5 Rad8 18. h6 g6 19. b3 Qd7 20. Qd3 Qe6 21. Bf1 f6 22. Bh3 Qf7 23. gxf6 Qxf6 24. Rhg1 Qf7 25. Bg5 Be7 26. Qd4 Bxg5 27. Rxg5 Re7 28. Rdg1 Nd7 29. Nd5 Bxd5 30. exd5 Nf8 31. Rf5 Qe8 32. Rf6 Re5 33. f4 Re4 34. Rfxg6+ 1-0

[Event "TUR Cup"]
[Site "Antalya"]
[Date "2019.02.02"]
[Round "10"]
[White "Percin, Onder"]
[Black "Temel, Burcu Melis"]
[Result "1-0"]
[WhiteElo "2084"]
[BlackElo "1796"]
[PlyCount "71"]
[EventDate "2019.01.27"]
[EventType "swiss"]
[EventRounds "11"]
[EventCountry "TUR"]
[SourceTitle "CBM 188 Extra"]
[Source "ChessBase"]
[SourceDate "2019.02.26"]
[SourceVersion "1"]
[SourceVersionDate "2019.02.26"]
[SourceQuality "1"]

1. e4 c5 2. Nc3 Nc6 3. g3 g6 4. Bg2 Bg7 5. d3 d6 6. f4 Nf6 7. Nf3 0-0 8. 0-0 Rb8 9. h3 b5 10. Qe1 b4 11. Nd1 Nd4 12. Qf2 Nxf3+ 13. Qxf3 Bb7 14. Qe2 d5 15. e5 Ne8 16. a3 a5 17. Bd2 Qb6 18. Kh2 Nc7 19. Nf2 f6 20. axb4 axb4 21. c3 fxe5 22. fxe5 Ne6 23. Ng4 h5 24. Nh6+ Kh7 25. Nf7 d4 26. c4 Bxg2 27. Qxg2 Qb7 28. Qd5 Qxd5 29. cxd5 Nd8 30. Ng5+ Kg8 31. Rxf8+ Kxf8 32. e6 Nb7 33. Bf4 Nd6 34. Nf7 Nxf7 35. Bxb8 Ne5 36. Ra8 1-0

[Event "TUR Cup"]
[Site "Antalya"]
[Date "2019.01.27"]
[Round "1"]
[White "Dinler, Oral"]
[Black "Percin, Onder"]
[Result "0-1"]
[WhiteElo "1688"]
[BlackElo "2084"]
[PlyCount "58"]
[EventDate "2019.01.27"]
[EventType "swiss"]
[EventRounds "11"]
[EventCountry "TUR"]
[SourceTitle "CBM 188 Extra"]
[Source "ChessBase"]
[SourceDate "2019.02.26"]
[SourceVersion "1"]
[SourceVersionDate "2019.02.26"]
[SourceQuality "1"]

1. d4 Nf6 2. Bf4 e6 3. e3 b6 4. Nf3 Bb7 5. Bd3 d5 6. c3 Bd6 7. Bg3 Nbd7 8. Ne5 Qe7 9. Qe2 Bxe5 10. dxe5 Ne4 11. f4 Ndc5 12. Nd2 h5 13. Nxe4 dxe4 14. Bc2 h4 15. Bf2 h3 16. Qg4 hxg2 17. Qxg2 0-0-0 18. Rd1 Nd3+ 19. Bxd3 exd3 20. e4 Qd7 21. Be3 Qa4 22. Qd2 Qxe4 23. Rg1 Rh3 24. Rg3 Rxg3 25. hxg3 Qh1+ 26. Kf2 Qf3+ 27. Ke1 Rh8 28. Bg1 Rh1 29. Qf2 Rxg1+ 0-1

[Event "Hatay op 9th"]
[Site "Hatay"]
[Date "2018.09.05"]
[Round "5"]
[White "Percin, Onder"]
[Black "Buyukasik, Diyap"]
[Result "1/2-1/2"]
[WhiteElo "1987"]
[BlackElo "2305"]
[PlyCount "112"]
[EventDate "2018.09.02"]
[EventType "swiss"]
[EventRounds "9"]
[EventCountry "TUR"]
[SourceTitle "CBM 186 Extra"]
[Source "ChessBase"]
[SourceDate "2018.08.24"]
[SourceVersion "1"]
[SourceVersionDate "2018.08.24"]
[SourceQuality "1"]

1. e4 c5 2. Nc3 b6 3. g3 Bb7 4. Bg2 g6 5. d3 Bg7 6. Nf3 Nf6 7. 0-0 0-0 8. Bg5 h6 9. Bd2 d5 10. Re1 e6 11. e5 Nfd7 12. h4 Nc6 13. Bf4 a6 14. Qe2 Nd4 15. Qd2 Kh7 16. Nd1 Nxf3+ 17. Bxf3 f6 18. exf6 Qxf6 19. Bg2 e5 20. Be3 Bc6 21. Qe2 Rae8 22. Bd2 d4 23. Be4 Bxe4 24. dxe4 b5 25. a4 c4 26. Kg2 Rf7 27. axb5 axb5 28. Ra5 Qb6 29. b4 Nb8 30. c3 Nc6 31. Ra2 Bf8 32. Rb2 Qa7 33. Rf1 Bg7 34. f3 Ref8 35. Be1 dxc3 36. Bxc3 Nd4 37. Qe3 Qa8 38. Rbf2 h5 39. Qe1 Bh6 40. f4 Bg7 41. fxe5 Rxf2+ 42. Rxf2 Bxe5 43. Rxf8 Qxf8 44. Qf2 Qg7 45. Ne3 Nc6 46. Bxe5 Nxe5 47. Nd5 Ng4 48. Qd2 Qe5 49. Nc3 Qe7 50. Qd4 Qb7 51. Nd5 Qa6 52. Nc3 Qb7 53. Nd5 Qa8 54. Nc3 Qb7 55. Nd5 Qf7 56. Nc3 Qb7 1/2-1/2

[Event "Hatay op 9th"]
[Site "Hatay"]
[Date "2018.09.04"]
[Round "4"]
[White "Benk, Tolga Tugay"]
[Black "Percin, Onder"]
[Result "0-1"]
[WhiteElo "1876"]
[BlackElo "1987"]
[PlyCount "58"]
[EventDate "2018.09.02"]
[EventType "swiss"]
[EventRounds "9"]
[EventCountry "TUR"]
[SourceTitle "CBM 186 Extra"]
[Source "ChessBase"]
[SourceDate "2018.08.24"]
[SourceVersion "1"]
[SourceVersionDate "2018.08.24"]
[SourceQuality "1"]

1. d4 Nf6 2. Bg5 e6 3. e4 h6 4. Bxf6 Qxf6 5. Nf3 b6 6. Bd3 Bb7 7. Nbd2 c5 8. c3 Nc6 9. e5 Qd8 10. a3 d6 11. Qe2 Be7 12. 0-0 dxe5 13. dxe5 Qc7 14. b4 Rd8 15. Rad1 0-0 16. Qe4 g6 17. Qe3 Kg7 18. Bb1 Rd7 19. Nb3 cxb4 20. cxb4 Rfd8 21. Rc1 Qb8 22. b5 Na5 23. Nxa5 bxa5 24. a4 Bxf3 25. Qxf3 Qxe5 26. Rcd1 Bc5 27. Rxd7 Rxd7 28. Rd1 Rd4 29. g3 Rxa4 0-1

[Event "TUR-chT 2nd League"]
[Site "Konya"]
[Date "2018.07.19"]
[Round "6.13"]
[White "Nadj Hedjesi, Balind"]
[Black "Percin, Onder"]
[Result "0-1"]
[WhiteElo "2291"]
[BlackElo "1948"]
[PlyCount "38"]
[EventDate "2018.07.16"]
[EventType "team-swiss"]
[EventRounds "9"]
[EventCountry "TUR"]
[SourceTitle "EXT 2019"]
[Source "ChessBase"]
[SourceDate "2018.10.10"]
[SourceVersion "1"]
[SourceVersionDate "2018.10.10"]
[SourceQuality "1"]
[WhiteTeam "Kahramanmaras Ustad"]
[BlackTeam "Maras Spor Kulubu"]
[WhiteTeamCountry "TUR"]
[BlackTeamCountry "TUR"]

1. e4 e5 2. Nf3 Nc6 3. Bb5 a6 4. Bxc6 dxc6 5. 0-0 f6 6. b3 Bg4 7. h3 Bh5 8. d3 Bc5 9. Be3 Qd6 10. Nbd2 b5 11. Qe2 Ne7 12. Rfd1 0-0 13. Nf1 Bxf3 14. Qxf3 f5 15. c3 fxe4 16. Qxe4 Nd5 17. Rac1 Nxe3 18. Nxe3 Rf4 19. Nf5 Qf6 0-1

[Event "TUR-chT 2nd League"]
[Site "Konya"]
[Date "2017.07.22"]
[Round "8.8"]
[White "Bekiragaoglu, Umut"]
[Black "Percin, Onder"]
[Result "1-0"]
[WhiteElo "1802"]
[BlackElo "1912"]
[PlyCount "81"]
[EventDate "2017.07.17"]
[EventType "team-swiss"]
[EventRounds "9"]
[EventCountry "TUR"]
[SourceTitle "CBM 179 Extra"]
[Source "ChessBase"]
[SourceDate "2017.08.23"]
[SourceVersion "1"]
[SourceVersionDate "2017.08.23"]
[SourceQuality "1"]
[WhiteTeam "Antalya Calli"]
[BlackTeam "Kahramanmaras DSI "]
[WhiteTeamCountry "TUR"]
[BlackTeamCountry "TUR"]

1. e4 e5 2. Nf3 Nc6 3. Nc3 Nf6 4. Be2 Be7 5. 0-0 0-0 6. d4 exd4 7. Nxd4 d6 8. Be3 Bd7 9. f4 Re8 10. Bf3 Qc8 11. h3 Nxd4 12. Bxd4 c5 13. Bxf6 Bxf6 14. Qxd6 Bd4+ 15. Kh1 Re6 16. Qd5 Rh6 17. f5 Qc7 18. Ne2 Rd6 19. Qc4 Bxb2 20. Rab1 Be5 21. Nc3 b6 22. Rbd1 Bc6 23. Rxd6 Qxd6 24. Rd1 Qh6 25. Ne2 Qh4 26. Qd3 h5 27. Kg1 Bc7 28. Nc3 Re8 29. Nd5 Be5 30. c4 Ba4 31. Rb1 g6 32. fxg6 fxg6 33. Rf1 g5 34. Bd1 Bxd1 35. Ne7+ Rxe7 36. Qd8+ Kh7 37. Qxe7+ Bg7 38. Rf7 Qe1+ 39. Kh2 Qc3 40. e5 Kh6 41. Rxg7 1-0

[Event "TUR-chT 2nd League"]
[Site "Konya"]
[Date "2017.07.19"]
[Round "4.7"]
[White "Percin, Onder"]
[Black "Yurtoglu, Osman Talha"]
[Result "1-0"]
[WhiteElo "1912"]
[BlackElo "1872"]
[PlyCount "77"]
[EventDate "2017.07.17"]
[EventType "team-swiss"]
[EventRounds "9"]
[EventCountry "TUR"]
[SourceTitle "CBM 179 Extra"]
[Source "ChessBase"]
[SourceDate "2017.08.23"]
[SourceVersion "1"]
[SourceVersionDate "2017.08.23"]
[SourceQuality "1"]
[WhiteTeam "Kahramanmaras DSI "]
[BlackTeam "Ankara Hayat"]
[WhiteTeamCountry "TUR"]
[BlackTeamCountry "TUR"]

1. e4 c5 2. Nc3 Nc6 3. g3 g6 4. Bg2 Bg7 5. d3 d6 6. f4 e6 7. Nf3 Nge7 8. 0-0 0-0 9. Be3 b6 10. Bf2 Ba6 11. Re1 e5 12. Qd2 f5 13. Rad1 Rc8 14. Nd5 h6 15. c3 Bb7 16. Nh4 Qe8 17. d4 cxd4 18. cxd4 fxe4 19. Bxe4 Nf5 20. Nf3 Kh8 21. dxe5 dxe5 22. fxe5 Qf7 23. Nf4 Rfd8 24. Qe2 Na5 25. Rxd8+ Rxd8 26. Bxb7 Nxb7 27. e6 Qf6 28. Ne5 Ne7 29. Nf7+ Kh7 30. Nxd8 Nxd8 31. Qd3 Ndc6 32. Nd5 Qxb2 33. Nxe7 Nxe7 34. Qd7 Qf6 35. Qxa7 g5 36. Bxb6 Nc8 37. Qb7 Nxb6 38. Qe4+ Kg8 39. e7 1-0

[Event "EU-Cup 32nd"]
[Site "Novi Sad"]
[Date "2016.11.08"]
[Round "3.1"]
[White "Adair, James R"]
[Black "Percin, Onder"]
[Result "1/2-1/2"]
[WhiteElo "2488"]
[BlackElo "1972"]
[PlyCount "97"]
[EventDate "2016.11.06"]
[EventType "team-swiss"]
[EventRounds "7"]
[EventCountry "SRB"]
[SourceTitle "CBM 176"]
[Source "ChessBase"]
[SourceDate "2017.01.17"]
[SourceVersion "1"]
[SourceVersionDate "2017.01.17"]
[SourceQuality "1"]
[WhiteTeam "White Rose"]
[BlackTeam "Hatay Metropolitan"]
[WhiteTeamCountry "ENG"]
[BlackTeamCountry "TUR"]

1. e4 e5 2. Nf3 Nc6 3. Bc4 Be7 4. 0-0 d6 5. a4 Na5 6. Ba2 c5 7. c3 Nf6 8. d3 Nc6 9. Na3 0-0 10. Bd2 Kh8 11. Nc4 Rb8 12. b4 Qc7 13. Re1 Be6 14. Rc1 cxb4 15. cxb4 Qd7 16. b5 Nd4 17. Nxd4 exd4 18. e5 Ng4 19. exd6 Bxd6 20. h3 Bxc4 21. dxc4 Ne5 22. c5 Bc7 23. Bf4 f6 24. Bb1 Rbe8 25. Re4 Rd8 26. Qh5 g6 27. Qe2 Qd5 28. Ba2 d3 29. Bxd5 dxe2 30. Rd4 Ba5 31. Bd2 Bxd2 32. Rxd2 Rfe8 33. Re1 Nc4 34. Rdxe2 Rxe2 35. Rxe2 Rxd5 36. Re8+ Kg7 37. Re7+ Kh6 38. Rxb7 Rxc5 39. Rxa7 Re5 40. Kh2 f5 41. h4 Re2 42. Rc7 Na5 43. Ra7 Nb3 44. b6 Rb2 45. Kg3 Nc5 46. a5 Rb5 47. f3 Nb3 48. b7 Nxa5 49. Rxa5 1/2-1/2

[Event "EU-Cup 32nd"]
[Site "Novi Sad"]
[Date "2016.11.06"]
[Round "1.1"]
[White "Percin, Onder"]
[Black "Zajic, Milan"]
[Result "0-1"]
[WhiteElo "1972"]
[BlackElo "2501"]
[PlyCount "76"]
[EventDate "2016.11.06"]
[EventType "team-swiss"]
[EventRounds "7"]
[EventCountry "SRB"]
[SourceTitle "CBM 176"]
[Source "ChessBase"]
[SourceDate "2017.01.17"]
[SourceVersion "1"]
[SourceVersionDate "2017.01.17"]
[SourceQuality "1"]
[WhiteTeam "Hatay Metropolitan"]
[BlackTeam "Paracin"]
[WhiteTeamCountry "TUR"]
[BlackTeamCountry "SRB"]

1. e4 g6 2. Nc3 Bg7 3. g3 c6 4. Bg2 Nf6 5. d3 d5 6. Qe2 0-0 7. f4 dxe4 8. dxe4 e5 9. Nf3 exf4 10. gxf4 Qb6 11. Qe3 Re8 12. Qxb6 axb6 13. Ne5 b5 14. 0-0 Na6 15. Be3 Nb4 16. Rac1 Ng4 17. Nxg4 Bxg4 18. a3 Bxc3 19. bxc3 Na2 20. h3 Be2 21. Rfe1 Nxc1 22. Bxc1 Red8 23. Kf2 Bd1 24. Bf3 Bxc2 25. Re3 Bd1 26. Bg2 Bh5 27. Bf1 Rd1 28. Re1 Rad8 29. Be3 Rxe1 30. Kxe1 Bf3 31. e5 Rd1+ 32. Kf2 Ra1 33. Bc5 Bd5 34. h4 b6 35. Bxb6 Rxa3 36. Bd4 c5 37. Bxc5 Rxc3 38. Bd4 Rf3+ 0-1

[Event "TUR-chT"]
[Site "Izmir"]
[Date "2016.08.02"]
[Round "9.7"]
[White "Uraz, Abdullah Kerim"]
[Black "Percin, Onder"]
[Result "0-1"]
[WhiteElo "1662"]
[BlackElo "1950"]
[PlyCount "88"]
[EventDate "2016.07.25"]
[EventType "team-swiss"]
[EventRounds "13"]
[EventCountry "TUR"]
[SourceTitle "CBM 173 Extra"]
[Source "ChessBase"]
[SourceDate "2016.08.29"]
[SourceVersion "1"]
[SourceVersionDate "2016.08.29"]
[SourceQuality "1"]
[WhiteTeam "Kocaeli Buyuksehir Belediyesi"]
[BlackTeam "Maras Spor Dernegi"]
[WhiteTeamCountry "TUR"]
[BlackTeamCountry "TUR"]

1. e4 e5 2. Nf3 Nc6 3. Bb5 a6 4. Bxc6 dxc6 5. 0-0 f6 6. d4 Bg4 7. c3 Qe7 8. dxe5 fxe5 9. Be3 Nf6 10. Nbd2 0-0-0 11. Qc2 h6 12. a4 Qe6 13. Rfb1 Nh5 14. Ne1 Nf4 15. f3 Bh5 16. b4 g5 17. b5 a5 18. bxc6 Qxc6 19. Rb5 b6 20. Rab1 Qxc3 21. Bxf4 Qxc2 22. Nxc2 exf4 23. Nc4 Be8 24. Rf5 Bxa4 25. N2a3 Rd3 26. Nb5 Bc5+ 27. Kf1 Rhd8 28. Ke2 Bd1+ 29. Ke1 Bb4+ 30. Kf2 Bb3 31. Ne5 Rd2+ 32. Kf1 Rd1+ 33. Rxd1 Rxd1+ 34. Ke2 Rd2+ 35. Kf1 Ba4 36. Nc6 Bc5 37. Nba7+ Kb7 38. Rf6 Rd6 39. e5 Rxf6 40. Nd8+ Kxa7 41. exf6 Bb3 42. Ke2 a4 43. Kd3 a3 44. Kc3 a2 0-1

[Event "Manavgat Turkey Cup"]
[Site "Manavgat"]
[Date "2016.02.03"]
[Round "7"]
[White "Sevgi, Volkan"]
[Black "Percin, Onder"]
[Result "1-0"]
[WhiteElo "2197"]
[BlackElo "1944"]
[PlyCount "81"]
[EventDate "2016.01.30"]
[EventType "swiss"]
[EventRounds "11"]
[EventCountry "TUR"]
[SourceTitle "CBM 170 Extra"]
[Source "ChessBase"]
[SourceDate "2016.02.25"]
[SourceVersion "1"]
[SourceVersionDate "2016.02.25"]
[SourceQuality "1"]

1. Nf3 Nf6 2. g3 g6 3. b3 Bg7 4. Bb2 d6 5. Bg2 0-0 6. c4 c6 7. 0-0 Nbd7 8. d3 e5 9. Nbd2 Qe7 10. Rc1 Re8 11. Qc2 Ng4 12. h3 Nh6 13. e4 f5 14. d4 exd4 15. Nxd4 Nc5 16. Rce1 Qf7 17. b4 Nxe4 18. Bxe4 fxe4 19. Nxe4 Bxh3 20. Nxd6 Rxe1 21. Rxe1 Qd7 22. c5 Rf8 23. Qb3+ Kh8 24. Nf3 Bxb2 25. Qxb2+ Kg8 26. Qb3+ Kh8 27. Qc3+ Kg8 28. Ng5 Bf5 29. f4 b5 30. Qe5 Ng4 31. Qe7 Nf6 32. Qxd7 Bxd7 33. Re7 a6 34. Nxh7 Nxh7 35. Rxd7 Nf6 36. Ra7 Nd5 37. a3 g5 38. fxg5 Rf3 39. Kg2 Rxa3 40. g6 Re3 41. Nf5 1-0

[Event "Manavgat Turkey Cup"]
[Site "Manavgat"]
[Date "2016.01.31"]
[Round "3"]
[White "Yurtseven, Melih"]
[Black "Percin, Onder"]
[Result "1-0"]
[WhiteElo "2332"]
[BlackElo "1944"]
[PlyCount "85"]
[EventDate "2016.01.30"]
[EventType "swiss"]
[EventRounds "11"]
[EventCountry "TUR"]
[SourceTitle "CBM 170 Extra"]
[Source "ChessBase"]
[SourceDate "2016.02.25"]
[SourceVersion "1"]
[SourceVersionDate "2016.02.25"]
[SourceQuality "1"]

1. e4 e5 2. Nf3 Nc6 3. Bb5 a6 4. Ba4 Nf6 5. 0-0 Be7 6. Re1 b5 7. Bb3 d6 8. c3 0-0 9. h3 Na5 10. Bc2 c5 11. d4 Qc7 12. d5 c4 13. b4 cxb3 14. axb3 Nb7 15. b4 Bd7 16. Bd3 Rfb8 17. Re2 Bc8 18. Rea2 Nd8 19. Na3 Qb7 20. Be3 Bd7 21. Nd2 Ne8 22. c4 f5 23. f3 Bh4 24. exf5 Nf6 25. Ne4 Nf7 26. Nxf6+ Bxf6 27. Be4 a5 28. c5 Qc8 29. Nc2 a4 30. Qd3 dxc5 31. Bxc5 Ra6 32. d6 Nh6 33. g4 Qd8 34. Ne3 Bg5 35. Nd5 Bf4 36. Kg2 Nf7 37. f6 Ng5 38. Nxf4 exf4 39. Qd5+ Ne6 40. Bf5 Qxf6 41. Re1 Re8 42. Rae2 Kf7 43. Qb7 1-0

[Event "Manavgat Turkey Cup"]
[Site "Manavgat"]
[Date "2015.02.07"]
[Round "11"]
[White "Bagci, Hikmet"]
[Black "Percin, Onder"]
[Result "1-0"]
[WhiteElo "1757"]
[BlackElo "1839"]
[PlyCount "94"]
[EventDate "2015.01.31"]
[EventType "swiss"]
[EventRounds "11"]
[EventCountry "TUR"]
[SourceTitle "CBM 164 Extra"]
[Source "ChessBase"]
[SourceDate "2015.03.02"]
[SourceVersion "1"]
[SourceVersionDate "2015.03.02"]
[SourceQuality "1"]

1. e4 e5 2. Nf3 Nc6 3. Bb5 a6 4. Ba4 Nf6 5. 0-0 Be7 6. Re1 b5 7. Bb3 d6 8. c3 0-0 9. h3 Na5 10. Bc2 c5 11. d4 Qc7 12. d5 c4 13. a4 Bd7 14. Nbd2 Rfb8 15. Re3 Bd8 16. Nh2 b4 17. b3 cxb3 18. Nxb3 bxc3 19. Nxa5 Qxa5 20. Qf3 Bb6 21. Re1 Bd4 22. Nf1 Rb2 23. Qd1 Rb7 24. Ng3 Qc5 25. Rf1 Qa5 26. Bg5 Ne8 27. Kh2 h6 28. Be3 Rb4 29. Ne2 Qb6 30. Qd3 Nf6 31. Nxc3 Bxe3 32. fxe3 Qc5 33. Rfc1 Rc8 34. Ne2 Qc4 35. Qxc4 Rbxc4 36. Bd3 Rxc1 37. Nxc1 a5 38. Ne2 Rc5 39. Ra3 Ne8 40. Nc3 g6 41. g4 Kg7 42. Kg3 Nc7 43. Rb3 Be8 44. Kf3 Bd7 45. h4 f6 46. Bb5 Be8 47. Bxe8 Nxe8 1-0

[Event "Manavgat Turkey Cup"]
[Site "Manavgat"]
[Date "2015.01.31"]
[Round "1"]
[White "Birgelir, Melisa"]
[Black "Percin, Onder"]
[Result "0-1"]
[WhiteElo "1567"]
[BlackElo "1839"]
[PlyCount "54"]
[EventDate "2015.01.31"]
[EventType "swiss"]
[EventRounds "11"]
[EventCountry "TUR"]
[SourceTitle "CBM 164 Extra"]
[Source "ChessBase"]
[SourceDate "2015.03.02"]
[SourceVersion "1"]
[SourceVersionDate "2015.03.02"]
[SourceQuality "1"]

1. e4 e5 2. Nf3 Nc6 3. Bc4 Nf6 4. Nc3 Nxe4 5. Nxe4 d5 6. Bxd5 Qxd5 7. d3 Bg4 8. Be3 f5 9. Nc3 Bb4 10. Bd2 Qe6 11. Nb5 Bxd2+ 12. Qxd2 0-0-0 13. Qe3 Kb8 14. a3 a6 15. Nc3 Qf6 16. 0-0-0 Rhe8 17. Rde1 h6 18. Rhg1 e4 19. dxe4 f4 20. Qc5 Bxf3 21. gxf3 Nd4 22. Nd5 Qe5 23. Qc3 Re6 24. Nb4 a5 25. Nd3 Qb5 26. Qc5 Qxc5 27. Nxc5 Rc6 0-1